000 00324 a2200157 4500
001 174704
020 _a
040 _cMagnum
100 _aGóes, Lúcia Pimentel
240 1 0 _aOs animais do sitio
_lpor
245 1 0 _aOs animais do sitio
362 0 _a1899
440 1 _aScipione
697 _aI/ANIMAIS
942 _cBK
999 _c174704
_d174704